000 00225nam a2200097Ia 4500
008 170619s9999 xx 000 0 und d
100 _aShan H S
245 0 _aWork study and crgonomics
260 _bDhanpat Rai Pub.
260 _c2003
546 _aENGLISH
999 _c16972
_d16972